000 00475nam a2200157 i 4500
001 99864
003 ES-MaACL
005 20230906182551.0
007 t|
008 050919s1951 sp ||||1| spa d
100 1 _aMartínez Morellá, Vicente.
_978260
245 1 0 _aPintores alicantinos del siglo XIX /
_cVicente Martínez Morellá.
260 _aAlicante :
_b[s.n.],
_c1951 (
_fArtes gráf. Alicante)
300 _a19 p. ;
_c21 cm.
852 _aES-MaACL
_j1926-F-14
_bR.30991
999 _c99864
_d99864